Pokemon 1. Generation nach Buchstabe T - Statistiken

Allgemein
  • Dieses Quiz wurde 21 mal gespielt
    13 seit der letzten Aktualisierung
  • Das Durchschnittsergebnis liegt bei 9 aus 10
Antwortstatistiken
Antwort % Korrekt
Tauboga
100%
Taubsi
100%
Turtok
100%
Tangela
88%
Tauboss
88%
Tentacha
88%
Traumato
88%
Tauros
75%
Tentoxa
75%
Tragosso
63%
Keine übereinstimmenden Quizze gefunden
Verteilung der Resultate
Anzahl Personen mit jedem Resultat
Perzentil nach korrekt beantworteten Fragen
Ihre Resultats-Entwicklung
Sie haben dieses Quiz seit der letzten Aktualisierung nicht gespielt